00334nam a2200121Ia 4500008004000000020001800040082001800058100002500076245004000101260003200141300000800173650003100181210210b1985 xxu||||| |||| 00| 0 eng d a0 571 11629 9 a617.1027 REIS aREILLY (Thomas), Ed. aSports fitness and sports injuries. aLondonbFaber & Faberc1985 a293 aSports Fitness, Injuries